000 00296nam a22001337a 4500
008 170504b xxu||||| |||| 00| 0 eng d
020 _a9780205128099
041 _aeng
080 _a34
100 _a13
101 _aSHJ
245 _aORIENTAL RO COUNSELING
_cPETERSEN.J.V
942 _2udc
_cBK
999 _c12634
_d12634